| 000 | 00814cam a2200229 4500 | ||
|---|---|---|---|
| 001 | WB3616-47 | ||
| 008 | 000000n2000 000 0 eng u | ||
| 035 | _a(Sirsi) u105666 | ||
| 245 | _aGoldman Sachs internet shock | ||
| 260 | _c2000 | ||
| 490 |
_aProperty Week _v65(16) 20 April 2000, 1(1) |
||
| 520 | _aUS investment bank Goldman Sachs has devised a radical plan to cut agents out of deals by trading space on the internet. UK agents are already banding together to develop their own trading platforms in response to such a move. | ||
| 590 | _aWB | ||
| 650 | _aINTERNET | ||
| 650 | _aPROPERTY TRADING PLATFORMS | ||
| 650 | _aGOLDMAN SACHS | ||
| 650 | _aPROPEX | ||
| 650 | _aPROPERTY-COMMERCIAL PROPERTY | ||
| 650 | _aCOMMERCIAL AGENCY | ||
| 690 | _aINFORMATION TECHNOLOGY-INTERNET | ||
| 942 | _n0 | ||
| 999 |
_c63286 _d63286 |
||